Départements du Grand-Est - Statistiques

Statistiques générales
  • Ce quiz a été pris 780 fois
  • Le résultat moyen est 8 sur 10
Statistiques - réponses
Numéro Département % Correct
67 Bas-Rhin
93%
68 Haut-Rhin
93%
57 Moselle
93%
54 Meurthe-et-Moselle
86%
08 Ardennes
84%
51 Marne
83%
88 Vosges
80%
52 Haute-Marne
78%
10 Aube
77%
55 Meuse
77%
Aucun quiz correspondant
Distribution des résultats
% des personnes avec chaque résultat
Percentile par nombre de réponses
Votre historique - résultats
Vous n’avez pas pris ce quiz